|
|
|
|
| LEADER |
04151nam a2200553 4500 |
| 001 |
ocn808345242 |
| 003 |
OCoLC |
| 005 |
20170124070713.3 |
| 006 |
m o d |
| 007 |
cr cn||||||||| |
| 008 |
120306s2012 enkaf ob 001 0 eng d |
| 010 |
|
|
|z 2012009761
|
| 040 |
|
|
|a E7B
|b eng
|e pn
|c E7B
|d OCLCO
|d DG1
|d YDXCP
|d OCLCQ
|d OCLCF
|d OCLCQ
|d AZK
|d DG1
|d LOA
|d GrThAP
|
| 019 |
|
|
|a 961495433
|a 962648981
|
| 020 |
|
|
|a 9781118498453
|q (electronic bk.)
|
| 020 |
|
|
|a 1118498453
|q (electronic bk.)
|
| 020 |
|
|
|a 9781118316344
|q (e-book)
|
| 020 |
|
|
|a 1118316347
|q (e-book)
|
| 020 |
|
|
|z 9781405198257
|q (hardcover alk. paper)
|
| 029 |
1 |
|
|a AU@
|b 000050060788
|
| 029 |
1 |
|
|a DKDLA
|b 820120-katalog:000599871
|
| 029 |
1 |
|
|a NZ1
|b 14695188
|
| 035 |
|
|
|a (OCoLC)808345242
|z (OCoLC)961495433
|z (OCoLC)962648981
|
| 050 |
|
4 |
|a QP89
|b .T57 2012eb
|
| 082 |
0 |
4 |
|a 617.9/54
|2 23
|
| 049 |
|
|
|a MAIN
|
| 245 |
0 |
0 |
|a Tissue and cell clinical use :
|b an essential guide /
|c edited by Ruth M. Warwick, Scott A. Brubaker.
|
| 264 |
|
1 |
|a Chichester, West Sussex, U.K. :
|b Wiley-Blackwell,
|c 2012.
|
| 300 |
|
|
|a 1 online resource (468 pages, [8] pages of plates :) :
|b illustrations (some color)
|
| 336 |
|
|
|a text
|b txt
|2 rdacontent
|
| 337 |
|
|
|a computer
|b c
|2 rdamedia
|
| 338 |
|
|
|a online resource
|b cr
|2 rdacarrier
|
| 347 |
|
|
|a data file
|2 rda
|
| 380 |
|
|
|a Bibliography
|
| 504 |
|
|
|a Includes bibliographical references and index.
|
| 505 |
0 |
|
|a Ethical issues on the use of human tissues and cells / Nikola Biller-Andorno [and others] -- Clinical governance by physicians : maintaining the safety and effectiveness of cell and tissue transplantation / Ted Eastlund and Ruth M. Warwick -- Development of vigilance & surveillance systems / Scott A. Brubaker and Deirdre Fehily -- Diseases transmitted by transplantation of tissue and cell allografts / Ted Eastlund and Ruth M. Warwick -- Use of vascular allografts / P. Dominic F. Dodd and Jeffery Dattilo -- The use of allograft heart valves and conduits / Richard A. Hopkins, Gabriel L. Converse, and Ulrich Stock -- The use of allograft in orthopaedics / William W. Tomford and Eduardo J. Ortiz-Cruz -- Neurosurgical use of bone allografts / Jau-Ching Wu and Praveen V. Mummaneni -- The use of allografts in sports medicine / Scott A. Rodeo -- Allograft tissue used for the practice of dentistry / Danny Holtzclaw, Tolga Fikret Tözüm -- Use of allograft skin in burn surgery / Peter Dziewulski and Steven E. Wolf -- Skin substitutes : burn treatment and beyond / Hans Oliver Rennekampff, Christopher R. Chapple, Glenn Greenleaf -- The use of allograft corneas and cells in ophthalmic surgery / Diego Ponzin [and others] -- Vascularized composite allotransplantation / David Otterburn and Linda Cendales -- The role of bone marrow, peripheral blood stem cells, and cord blood haemopoietic stem cells in autologous, related, and unrelated transplants / Rachael Hough and John Wagner -- Mesenchymal stem cells : application for immunomodulation and tissue repair / Nicole Horwood [and others] -- Embryonic or neural stem cells in neurodegenerative disease of the CNS (with relevance to PD, HD, AD, MS, SCI and stroke) / Stephen B. Dunnett, Cesar V. Borlongan, and Paul R. Sanberg -- Pancreatic islet cells / Katie Kinzer, Patrick Salmon, Jose Oberholzer -- Stem cells for cardiac repair / Ranil de Silva, Amish N. Raval, and John R. Pepper -- Use of donated gametes in assisted reproduction / Tarek El Toukhy and Mauro Costa.
|
| 650 |
|
0 |
|a Transplantation of organs, tissues, etc.
|
| 650 |
|
0 |
|a Cell transplantation.
|
| 650 |
|
0 |
|a Homografts.
|
| 650 |
|
7 |
|a Cell transplantation.
|2 fast
|0 (OCoLC)fst00850240
|
| 650 |
|
7 |
|a Homografts.
|2 fast
|0 (OCoLC)fst00959717
|
| 650 |
|
7 |
|a Transplantation of organs, tissues, etc.
|2 fast
|0 (OCoLC)fst01154919
|
| 655 |
|
4 |
|a Electronic books.
|
| 655 |
|
7 |
|a Electronic books.
|2 local
|
| 700 |
1 |
|
|a Warwick, Ruth M.
|
| 700 |
1 |
|
|a Brubaker, Scott A.
|
| 776 |
0 |
8 |
|i Print version:
|t Tissue and cell clinical use.
|d Chichester, West Sussex, U.K. : Wiley-Blackwell, 2012
|w (DLC) 2012009761
|
| 856 |
4 |
0 |
|u https://doi.org/10.1002/9781118498453
|z Full Text via HEAL-Link
|
| 994 |
|
|
|a 92
|b DG1
|